00984nam a2200253 a 450000100060000000300080000600500170001400800410003103500190007204000350009104100080012608200250013410000280015924500740018726000310026130000330029250000190032565000350034465000400037994200120041999900170043195201390044895201430058767789BD-RjUL20211209081708.0170328s1967 enka 001 0 eng d a(BD-RjUL)67998 aDLCcCarPdDLCd(BD-RjUL)beng aeng 223a530.13bPOI 19671 aPointon, A. J. 920095713aAn introduction to statistical physics for students /c A. J. Pointon aLondon :bLongmans,c1967. axi, 202 p. :bill. ;c23 cm. aIncludes Index 0aStatistical mechanics.9117125 0aStatistical thermodynamics.9200958 2ddccBK c67789d67789 00102ddc40718NFICaRUCLbRUCLcReadingd1973-07-20eBook Viewg92.50l0o530.13 POI 1967r2017-03-28 00:00:00tC-1w2017-03-28yBK 00102ddc40708NFICaRUCLbRUCLcStackd1977-05-21eW. Heffer & Sonsg3.95l0o530.13 POI 1967r2017-05-07 00:00:00tC-2w2017-05-07yBK